|
|
|
|
| LEADER |
00000nab a2200000 a 4500 |
| 001 |
vtls001440649 |
| 003 |
SK-MaSNL |
| 005 |
20260303080610.0 |
| 008 |
020910sm y0sloyxo 0 slo |
| 015 |
|
|
|a BIOBB2002/02-00379
|
| 035 |
|
|
|a SNK000395822
|
| 040 |
|
|
|a SNK
|b slo
|c SNK
|e AACR2
|
| 041 |
0 |
|
|a slo
|
| 044 |
|
|
|a xo
|c SK
|
| 245 |
0 |
0 |
|a Symboly mesta Partizánske a jeho miestnych častí. Šľachtické rody
|c Miroslav Kollár
|
| 520 |
|
|
|a Zakladateľ rodu Rudnayovcov. Doložený doklad o pôsobení z r. 1374-1414
|
| 600 |
1 |
7 |
|a Rudnay, Ondrej
|x heslá biografické
|2 SNK
|9 1082681
|
| 655 |
|
7 |
|a články zo zborníkov
|2 SNK
|9 166140
|
| 774 |
0 |
|
|w SK01SNK20010367749
|z ISBN 80-968468-4-1
|t Partizánske
|d Partizánske : Mestský úrad, 2000
|g S.155
|
| 850 |
|
|
|a Slovenská národná knižnica v Martine
|
| 975 |
|
|
|a Rudnay
|b Valentín
|k otec
|
| 999 |
|
|
|c 1781112
|d 1783042
|